Reboot: In search for the land of opportunity (Record no. 486609)

000 -LEADER
fixed length control field 00361 a2200133 4500
020 ## - INTERNATIONAL STANDARD BOOK NUMBER
International Standard Book Number 0978506022
090 ## - LOCALLY ASSIGNED LC-TYPE CALL NUMBER (OCLC); LOCAL CALL NUMBER (RLIN)
-- 5981
-- 5981
100 ## - MAIN ENTRY--PERSONAL NAME
Personal name Farid, Jawwad Ahmed
245 ## - TITLE STATEMENT
Title Reboot: In search for the land of opportunity
Statement of responsibility, etc. Jawwad Ahmed Farid
250 ## - EDITION STATEMENT
Edition statement 2nd
260 ## - PUBLICATION, DISTRIBUTION, ETC.
Place of publication, distribution, etc. Karachi:
Name of publisher, distributor, etc. Alchemy Technologies,
Date of publication, distribution, etc. 2009.
300 ## - PHYSICAL DESCRIPTION
Extent vii, 173 p. ;
Dimensions 21 cm.
942 ## - ADDED ENTRY ELEMENTS (KOHA)
Koha item type Book
Holdings
Withdrawn status Lost status Damaged status Not for loan Collection code Permanent Location Current Location Shelving location Date acquired Source of acquisition Cost, normal purchase price Total Checkouts Full call number Barcode Date last seen Price effective from Koha item type
          Central Library (CL) Central Library (CL) General Stacks 11/24/2009 Alchemy Technologies 1100.00   658.11 FAR SEECS009862 06/07/2022 06/25/2018 Book
© 2023 Central Library, National University of Sciences and Technology. All Rights Reserved.